แสดงรายละเอียดบรรณานุกรม
  กลับหน้าหลัก

Brief Record : Get Marc (ISO 2709) : E-mail record : QR code ปิดหน้าต่าง
สารบัญ Review โดย
ใช้งานได้ทุกระบบ
ห้องสมุด วพบ.ขอนแก่น
ใช้งานได้ทุกระบบ เมื่อ24/ธันวาคม/2557
  • เรื่องที่ 1 การประเมินหญิงตั้งครรภ์ที่มาห้องคลอด
  • เรื่องที่ 2 การประเมินหญิงตั้งครรภ์ที่มาห้องคลอดที่ไม่เคยฝากครรภ์
  • เรื่องที่ 3 เจ็บครรภ์/ปวดท้อง
  • เรื่องที่ 4 น้ำเดิน
  • เรื่องที่ 5 เลือดออก
  • เรื่องที่ 6 ความดันโลหิตสูง
  • เรื่องที่ 7 คลื่นไส้/ปวดศรีษะ/ตามัว/จุกแน่นลิ้นปี่
  • เรื่องที่ 8 ชัก
  • เรื่องที่ 9 ไข้
  • เรื่องที่ 10 ทารกในครรภ์ไม่ดิ้นหรืดดิ้นน้อย
  • เรื่องที่ 11 การตรวจสุขภาพทารกในครรภ์
  • เรื่องที่ 12 หญิงตั้งครรภ์ติดเชื้อ HIV
  • เรื่องที่ 13 Skin lesions
  • เรื่องที่ 14 การดำเนินการคลอดผิดปกติ
  • เรื่องที่ 15 Multifetal pregnancy & Mode of delivery
  • เรื่องที่ 16 Cesarean delivery on maternal reguest
  • เรื่องที่ 17 การเจาะถุงน้ำคร่ำ
  • เรื่องที่ 18 Intrauterine resuscitation
  • เรื่องที่ 19 การให้ยาระงับปวด
  • เรื่องที่ 20 การให้ Magnesium sulfate
  • เรื่องที่ 21 การให้ Terbutaline (Bricanyl)
  • เรื่องที่ 22 การให้ GBS prophylaxis
  • เรื่องที่ 23 การให้ Anti-D immunoglobulin
  • เรื่องที่ 24 การคลอดติดใหล่
  • เรื่องที่ 25 การตกเลือดหลังคลอด
  • เรื่องที่ 26 Maternal collapse after delivery
  • เรื่องที่ 27 การประเมิน Bishop score
  • เรื่องที่ 28 การประเมิน Apgar score
  • เรื่องที่ 29 Neonatal injuries

E-books : เกี่ยวกับ Collections
LEADER 00000nam 2200000uu 4500
001    209803
003     ULIBM
008    140512s2555||||th 000 0 tha d
020    ^a9786163050373
040    ^abcnkk
041 0  ^atha
050  4 ^aWQ551^bว323 2555
100 0  ^aวราลักษณ์ ยมะสมิต
245 10 ^aLabor room :^bpocket bible /^cวราลักษณ์ ยมะสมิต, สุรสิทธิ์ ชัยทองวงศ์วัฒนา
250    ^aพิมพ์ครั้งแรก
260    ^aสมุทรสาคร :^bพิมพ์ดี,^c2555
300    ^a244 หน้า :^bภาพประกอบ
650  7 ^aสตรีมีครรภ์^xการดูแล
650  7 ^aการคลอด
700 0  ^aสุรสิทธิ์ ชัยทองวงศ์วัฒนา
999    ^aใช้งานได้ทุกระบบ
รายการนี้ยังไม่มีแท็ก
คุณยังไม่ได้ล็อกอิน คุณสามารถมีกิจกรรมร่วมกับเว็บไซต์ได้ แต่ต้องล็อกอินก่อน ::
  ล็อกอิน
ลำดับที่ ประเภท เลขเรียก สถานที่ สถานะ
1. หนังสือทั่วไป
หนังสือทั่วไป
WQ551 ว323 2555  
  
การพยาบาลมารดาทารก On Shelf
  ขอยืม
Note:ปีงบประมาณ2557
2. หนังสือทั่วไป
หนังสือทั่วไป
WQ551 ว323 2555 ฉ.2 
  
การพยาบาลมารดาทารก On Shelf
  ขอยืม
Note:ปีงบประมาณ2557
3. หนังสือทั่วไป
หนังสือทั่วไป
WQ551 ว323 2555 ฉ.3 
  
การพยาบาลมารดาทารก On Shelf
  ขอยืม
Note:ปีงบประมาณ2557
4. หนังสือทั่วไป
หนังสือทั่วไป
WQ551 ว323 2555 ฉ.4 
  
การพยาบาลมารดาทารก On Shelf
  ขอยืม
Note:ปีงบประมาณ2557
5. หนังสือทั่วไป
หนังสือทั่วไป
WQ551 ว323 2555 ฉ.5 
  
การพยาบาลมารดาทารก On Shelf
  ขอยืม
Note:ปีงบประมาณ2557
6. หนังสือทั่วไป
หนังสือทั่วไป
WQ551 ว323 2555 ฉ.6 
  
การพยาบาลมารดาทารก On Shelf
  ขอยืม
Note:งบประมาณปี 2558
7. หนังสือทั่วไป
หนังสือทั่วไป
WQ551 ว323 2555 ฉ.7 
  
การพยาบาลมารดาทารก On Shelf
  ขอยืม
Note:งบประมาณปี 2558
8. หนังสือทั่วไป
หนังสือทั่วไป
WQ551 ว323 2555 ฉ.8 
  
การพยาบาลมารดาทารก On Shelf
  ขอยืม
Note:งบประมาณปี 2558
9. หนังสือทั่วไป
หนังสือทั่วไป
WQ551 ว323 2555 ฉ.9 
  
การพยาบาลมารดาทารก On Shelf
  ขอยืม
Note:งบประมาณปี 2558
10. หนังสือทั่วไป
หนังสือทั่วไป
WQ551 ว323 2555 ฉ.10 
  
การพยาบาลมารดาทารก On Shelf
  ขอยืม
Note:งบประมาณปี 2558
11. หนังสือทั่วไป
หนังสือทั่วไป
WQ551 ว323 2555 ฉ.11 
  
การพยาบาลมารดาทารก On Shelf
  ขอยืม
Note:งบประมาณปี 2558
12. หนังสือทั่วไป
หนังสือทั่วไป
WQ551 ว323 2555 ฉ.12 
  
การพยาบาลมารดาทารก On Shelf
  ขอยืม
Note:งบประมาณปี 2558
  1 2 [2]   [แสดง 12/15 รายการ]

รายการใกล้เคียง
    หัวเรื่อง [การคลอด]

BibComment


ยังไม่เคยถูกคอมเมนท์

คอมเมนท์ทรัพยากรรายการนี้
  คอมเมนท์: Labor room pock..
Bib 209803

 
 
 

 Union Library Management : ULibM
Copyright 2026. All Rights Reserved.
скачать бесплатно без регистрации порно красивый секс HD Sex Hindi sex

xxx gou

xxxx

bfxxx

xxxwww

Секса Видео

xxxx

Секса Видео

detube

geilexxx

C99 Shell

worms shell

blod xxx video
Ebony Coed Rihanna Rimes Takes A Dick In Her Young Twat priyaa indian fuck anal and pusssy hardcore indian women xxx desi hardcore fucking part 1 bengalixxxcouple